=LDR 00000nam 2200000 4500 =001 INLIS000000000001338 =005 20130612085738 =008 ***********************************Ind** =035 ##$$0010-061300000001338 =041 ##$$a Ind =082 ##$$a 028.5 =090 ##$$a 028.5, Sav-k =100 ##$$a SAVAGE, Cindy =245 ##$$a Klub sahabat sejati, Kawan-kawan datang menyelamatkan 1 2, Cindy Savage, Alih bahasa; Nina Fauzia Ns =260 ##$$a 1993 $b Jakarta =300 ##$$a 106 hlm, ilus, 21 cm =650 ##$$a Bacaan Kanak-kanak =850 ##$$a NBPNMAT